5HLuxD.jpg

KING HENRY VIII SENIOR AND PRIMARY SCHOOL LIBRARY OPAC

IT'S MY TURN! (Record no. 4846)

000 -LEADER
fixed length control field 00344nam a22001217a 4500
008 - FIXED-LENGTH DATA ELEMENTS--GENERAL INFORMATION
fixed length control field 250325b ||||| |||| 00| 0 eng d
020 ## - INTERNATIONAL STANDARD BOOK NUMBER
International Standard Book Number 9780709726869
082 ## - DEWEY DECIMAL CLASSIFICATION NUMBER
Classification number 823.92 BED
100 ## - MAIN ENTRY--PERSONAL NAME
Personal name BEDFORD,DAVID
Relator term AUTHOR
245 ## - TITLE STATEMENT
Title IT'S MY TURN!
260 ## - PUBLICATION, DISTRIBUTION, ETC.
Place of publication, distribution, etc. 1 THE CODA CENTRE.189 MUNSTER ROAD,LONDON,SW6 6AW
Name of publisher, distributor, etc. LITTLE TIGER PRESS
Date of publication, distribution, etc. 2005
942 ## - ADDED ENTRY ELEMENTS (KOHA)
Source of classification or shelving scheme
Holdings
Withdrawn status Lost status Source of classification or shelving scheme Damaged status Not for loan Collection code Permanent Location Current Location Shelving location Date acquired Total Checkouts Full call number Barcode Date last seen Date last checked out Price effective from Koha item type Public note
          Fiction KH8 Primary School Library KH8 Primary School Library Fiction 2025-03-25 5 E FIC BED KHPL000006686 2026-03-10 2026-02-24 2025-03-25 Books - Fiction KH8 PRIMARY LIBRARY

Powered By KH8 IT Dept